00509nam a2200157Ia 4500003000900000008004100009040001600050080002000066100002400086245009300110260004700203300001500250650004100265650002200306650002300328IN-BaIIA211028s9999 xx 000 0 eng d cIIA Library a524.3-64bPRE-6 aPreisendorfer, R. W 0aHydrologic opticsbvol. VIcR. W. Preisendorfer  aHawaiibU. S. Department of Commercec1976 axii, 390p. aAstronomy and astrophysics thesaurus aHydrologic optics aRadiative transfer